000 01139nam a2200301Ia 4500
001 ebr10742638
003 CaPaEBR
006 m o u
007 cr cn|||||||||
008 111102s2013 enka s 001 0 eng d
020 _z9781782161400
020 _z9781782161417
040 _aCaPaEBR
_cCaPaEBR
035 _a(OCoLC)857066405
050 1 4 _aQ325.5
_b.R53 2013eb
100 1 _aRichert, Willi.
245 1 0 _aBuilding machine learning systems with Python
_h[electronic resource] /
_cWilli Richert, Luis Pedro Coelho.
260 _aBirmingham, UK :
_bPackt Pub.,
_c2013.
300 _avi, 271 p. :
_bill.
500 _aIncludes index.
533 _aElectronic reproduction.
_bPalo Alto, Calif. :
_cebrary,
_d2013.
_nAvailable via World Wide Web.
_nAccess may be limited to ebrary affiliated libraries.
650 0 _aMachine learning.
650 0 _aPython (Computer program language)
655 7 _aElectronic books.
_2local
700 1 _aCoelho, Luis Pedro.
710 2 _aebrary, Inc.
856 4 0 _uhttp://site.ebrary.com/lib/rucke/Doc?id=10742638
_zAn electronic book accessible through the World Wide Web; click to view
999 _c35378
_d35378